Statistics for Arab League country flags, one minute sprint

Click here to take the quiz!

General Stats

  • This quiz has been taken 37 times
  • The average score is 20 of 22

Answer Stats

Answer% Correct
Bahrain
100%
Egypt
100%
Iraq
100%
Jordan
100%
Lebanon
100%
Morocco
100%
Saudi arabia
100%
Tunisia
100%
United arab emirates
100%
Algeria
95%
Libya
95%
Qatar
95%
Syria
95%
Oman
91%
Yemen
91%
Kuwait
86%
Somalia
82%
Sudan
82%
Comoros
77%
Djibouti
73%
Mauritania
73%
Palestine
73%

Score Distribution

Percentile by Number Answered

Percent of People with Each Score

Your Score History

You have not taken this quiz